Welcome to the Holygrace Academy Library

Please use search bar below to get started

SELECTED SCHOOL ESSAYS (Record no. 8866)

MARC details
000 -LEADER
fixed length control field 00263nam a22001097a 4500
082 ## - DEWEY DECIMAL CLASSIFICATION NUMBER
Classification number 425
Item number BRI/S
100 ## - MAIN ENTRY--AUTHOR NAME
Personal name BRIGHT. JAGAT
245 ## - TITLE STATEMENT
Title SELECTED SCHOOL ESSAYS
246 ## - VARYING FORM OF TITLE
Title proper/short title SELECTED SCHOOL ESSAYS
Remainder of title SELECTED SCHOOL ESSAYS
650 ## - SUBJECT ADDED ENTRY--TOPICAL TERM
Topical Term ENGLISH GRAMMAR
942 ## - ADDED ENTRY ELEMENTS (KOHA)
Koha item type Books
Holdings
Withdrawn status Lost status Collection code Home library Current library Date acquired Full call number Accession Number Koha item type
  Lost Reference Main Library Main Library 07/08/2024 425 BRI/S 00866 Books